Cấu trúc hạt nhân

Сохранить в:
Библиографические подробности
Главный автор: Đặng Huy Uyên
Формат:
Язык:Undetermined
Опубликовано: H. ĐHQG 2003
Предметы:
Метки: Добавить метку
Нет меток, Требуется 1-ая метка записи!
Thư viện lưu trữ: Trung tâm Học liệu Trường Đại học Cần Thơ
LEADER 00464nam a2200181Ia 4500
001 CTU_55581
008 210402s9999 xx 000 0 und d
020 |b 11800 
082 |a 539.74 
082 |b U603 
100 |a Đặng Huy Uyên 
245 0 |a Cấu trúc hạt nhân 
245 0 |c Đặng Huy Uyên 
260 |a H. 
260 |b ĐHQG 
260 |c 2003 
650 |a nuclear structure 
980 |a Trung tâm Học liệu Trường Đại học Cần Thơ